Introducción a los sistemas termo-mecánicos desde una perspectiva simpléctica /
Guardado en:
| Otros Autores: | , , |
|---|---|
| Formato: | Manuscrito |
| Idioma: | Spanish |
| Publicado: |
2014.
|
| Materias: | |
| Acceso en línea: | Texto completo |
| Etiquetas: |
Agregar Etiqueta
Sin Etiquetas, Sea el primero en etiquetar este registro!
|
| LEADER | 01319ntm a22003015a 4500 | ||
|---|---|---|---|
| 001 | MAT.inmabb007056 | ||
| 008 | 150914s2014####ag#######bm###000#0#spa#d | ||
| 005 | 20150922091152.0 | ||
| 245 | 1 | 0 | |a Introducción a los sistemas termo-mecánicos desde una perspectiva simpléctica / |c Maximiliano A. Palacios Amaya. |
| 260 | |c 2014. | ||
| 300 | |a [7], iv, 147 h. ; |c 30 cm. | ||
| 500 | |a "Tesis de Doctor en Matemática". | ||
| 500 | |a Director de tesis: Hernán Cendra; co-director: Sergio Grillo. | ||
| 502 | |a Tesis (doctoral)--Universidad Nacional del Sur. Departamento de Matemática, 2014. | ||
| 530 | |a Disponible también en formato digital. | ||
| 504 | |a Incluye referencias bibliográficas. | ||
| 100 | 1 | |a Palacios Amaya, Maximiliano A. |4 dis | |
| 700 | 1 | |a Cendra, Hernán, |d 1943- |4 ths | |
| 700 | 1 | |a Grillo, Sergio D. |4 ths | |
| 710 | 2 | |a Universidad Nacional del Sur. |b Departamento de Matemática |4 dgg. | |
| 082 | 0 | 4 | |a 040 |2 15 |
| 082 | 0 | 4 | |a 517.4 |a 512.52 |2 15 |
| 650 | 7 | |a Matemáticas. |2 unbist | |
| 650 | 7 | |a Cálculo de variaciones. |2 unbist | |
| 653 | |a Ecuación de movimiento | ||
| 856 | 4 | 1 | |3 Texto completo |u http://repositoriodigital.uns.edu.ar/handle/123456789/2440 |
| 859 | |a AR-BaUNS |b BIB. MATEMATICA |h 040 |i B148 2014-1341pa |k R |p 125164/015 | ||
| 859 | |a AR-BaUNS |b BIB. MATEMATICA |h 040 |i B148 2014-1341pa |p 125165/015 | ||
